| 000 | 01040nam a2200289 i 4500 | ||
|---|---|---|---|
| 001 | bg | ||
| 245 | 0 | 0 |
_aKomórki roślinne w warunkach stresu. _nT. 2, _pKomórki in vitro / _cpod red. Adama Woźnego, Krystyny Przybył ; Uniwersytet im. Adama Mickiewicza w Poznaniu. |
| 260 |
_aPoznań : _bWydaw. Naukowe UAM, _c2004. |
||
| 300 |
_a167 s., [6] k. tabl. : _bil. ; _c24 cm. |
||
| 504 | _aBibliogr. przy rozdz. - Indeks. | ||
| 650 | 9 |
_aKomórka _xbotanika |
|
| 650 | 9 |
_aStres _xbotanika |
|
| 655 | _aPodręczniki akademickie | ||
| 700 | 1 |
_aWOŹNY, Adam. _eRed. |
|
| 700 | 1 |
_aPRZYBYŁ, Krystyna. _eRed. |
|
| 710 | 0 | _aUniwersytet im. Adama Mickiewicza (Poznań) | |
| 020 | _a8323214093 (t.12) | ||
| 020 | _a8323214115 (t.2) | ||
| 040 | _cBPK | ||
| 041 | 0 | _apol | |
| 080 | _a581.1::576(075.8) | ||
| 920 | _a83-232-1409-3 (t.1-2) | ||
| 920 | _a83-232-1411-5 (t.2) | ||
| 942 | _cKS | ||
| 008 | s pl f |000 0 pol | ||
| 999 |
_c46537 _d46537 |
||
| 856 |
_uhttp://koha.tu.koszalin.pl/cgi-bin/koha/opac-detail.pl?biblionumber=46537 _yKatalog online BPK |
||